| 000 | 00727nam a22002175i 4500 | ||
|---|---|---|---|
| 001 | 154252 | ||
| 003 | ES-MaACL | ||
| 005 | 20260315185702.0 | ||
| 008 | 050819s1875 po |||| | por d | ||
| 040 |
_aCAM _bspa _cCAM |
||
| 100 | 1 |
_aGarrett, Almeida. _955660 |
|
| 245 | 1 | 0 |
_aRomances da Renascença / _cV. de Almeida Garret. |
| 250 | _a5ª ed. | ||
| 260 |
_aLisboa : _bImprensa Nacional, _c1875. |
||
| 300 |
_aXXVI, 269 p. ; _c16 cm. |
||
| 490 | 1 |
_aObras do Visconde de Almeida-Garrett ; _v4. _aRomanceiro ; _v1 |
|
| 752 |
_aPortugal - _dLisboa |
||
| 830 | 0 |
_aObras do Visconde de Almeida-Garret ; _aRomanceiro _v4. _v1 _9221476 |
|
| 852 |
_aES-MaACL _jG-8615 _z-- Enc. pasta española |
||
| 999 |
_c154252 _d154252 |
||